Statistics for 宮城県の道の駅

Click here to take the quiz!

General Stats

  • This quiz has been taken 18 times
  • The average score is 10 of 18

Answer Stats

所在地名前% Correct
女川町おながわ
100%
大郷町おおさと
88%
南三陸町さんさん南三陸
81%
七ヶ宿町七ヶ宿
81%
大崎市あ・ら・伊達な道の駅
81%
村田町村田
69%
大崎市おおさき
63%
気仙沼市大谷海岸
63%
角田市かくだ
63%
大崎市三本木
56%
石巻市上品の里
38%
石巻市硯上の里おがつ
38%
登米市三滝堂
31%
登米市林林館
31%
栗原市路田里はなやま
31%
登米市米山
25%
登米市津山
25%
登米市みなみかた
13%

Score Distribution

Percentile by Number Answered

Percent of People with Each Score

Your Score History

You have not taken this quiz